00451 2200181 4500001002100000005001500021035002000036245005000056100002400106250000600130856004500136260003000181082000800211084001400219990001200233990001200245990001200257INLIS00000000000172220250505094507 a0010-05250000141 aOgong Emas yang Hilang /cSamson Rambah Pasir0 aSamson Rambah Pasir a1 aRuang Baca Umum No Klas 800 ( Rak 3,4,5) aJakarta :bAnalisa,c2000 a813 a813 SAM o a00.0210 a00.0211 a00.0212